| 000 | 01080nam0a22003011 4500 | ||
|---|---|---|---|
| 001 | rc\2309494 | ||
| 005 | 20250623074051.0 | ||
| 035 | _a(NLR Aleph) 006670340 | ||
| 090 |
_a4982288 _c4982288 |
||
| 100 | _a20110829d1977 |||y0rusy50 ca | ||
| 101 | 0 | _arus | |
| 102 | _aRU | ||
| 105 | _aa z ||||| | ||
| 200 | 1 |
_aГаммаметрия морского дна при поисках полезных ископаемых _fА.Н. Шацов |
|
| 210 |
_aМосква _cНедра _d1977 |
||
| 215 |
_a167 с. _cил. _d21 |
||
| 300 | _aНа обл. авт. не указан | ||
| 320 | _aСписок лит.: с. 161-166 (122 назв.) | ||
| 606 |
_aПолезные ископаемые _xПоиски и разведка в море _2rkp |
||
| 606 |
_aРадиометрическая разведка _2rkp |
||
| 700 | 1 |
_aШацов _bА.Н. _gАнатолий Нахманович |
|
| 801 | 0 |
_aRU _bNLR _gpsbo |
|
| 801 | 1 |
_aRU _bELAR _2rusmarc |
|
| 852 |
_aNLR _j77-5/7755 |
||
| 899 |
_aRuMoRGB _jБ 77-31/885 |
||
| 899 |
_aRuMoRGB _jБ 77-31/886 |
||
| 942 | _cBOOK | ||
| 980 | _aNB | ||